00455nam a2200169Ia 4500999001700000003000400017005001700021008004100038040000900079082001500088100002300103245002900126260006400155300001000219650002000229942003600249 c36163d36163OSt20201228092751.0190216s9999||||xx |||||||||||||| ||und|| coclc a901bKHA/M aKhaldun, Ibn92298 0aMuqaddima /cIbn Khaldun bThe Mathrubhumi Printing And Publishers,c1984.aKozhikode: a1019p aIslamic History cBK2ddch901iKHA/Mk901mKHA/M